00957nam a22002057a 450000500170000000800410001704000270005804100080008504400070009309000130010024501730011326000600028630000810034665000600042765000680048771000170055594200150057299900170058795201470060420151127020913.0151127b ck ||||br|||| 00| 0 spa d aCO-BoIAVH cCO-BoIAVH 0 aspa ack aEA-b32210aEstrategia pedagógica en educación ambiental desde la cosmovisión de los pueblos afrocolombianos, municipio de Dibulla, La Guajira:bLas historias del viejo Lucho3 aColombia?:bCorpoguajira,bFundación Guajira,c2015?. a23 páginas :bilustraciones, fotografías y tablas a color ;c28 x 22 cm. 6aEducación ambientalzGuajira (Departamento, Colombia) 6aBiodiversidadxConservaciónzGuajira (Departamento, Colombia)2 aCorpoguajira 2zcFolleto c17879d17879 00102z40728EDUAMBIENTIINV2017aVenadobVenadod2015-11-27l0oEA-322p039489r2015-11-27 00:00:00tEj. 1w2015-11-27xDonaciónyFolleto